000 00428nam a2200169Ia 4500
008 220216s9999 xx 000 0 und d
100 _aYeoh C H
245 0 _aComparison of chemical and manual weedings in rubber nursery
260 _bPlanters Bulletin
_c1980
300 _a28-35
650 _aManual weeding
650 _aRubber nurserry
700 _aLee K A
700 _aLim H H
700 _aPhang A K
942 _cJS
999 _c55990
_d55990